[Event "Hamilton Winter op"]
[Site "Hamilton"]
[Date "2011.03.27"]
[Round "4"]
[White "Ferreira, Alex"]
[Black "Gelis, Paul"]
[Result "0-1"]
[WhiteElo "2081"]
[BlackElo "2222"]
[PlyCount "144"]
[EventDate "2011.03.26"]
[EventType "swiss"]
[EventRounds "6"]
[EventCountry "CAN"]
[SourceTitle "EXT 2022"]
[Source "ChessBase"]
[SourceDate "2021.10.06"]
[SourceVersion "1"]
[SourceVersionDate "2021.10.06"]
[SourceQuality "1"]

1. d4 Nf6 2. Bg5 e6 3. e4 h6 4. Bxf6 Qxf6 5. e5 Qd8 6. Bd3 c5 7. c3 Nc6 8. Nf3 d5 9. 0-0 Bd7 10. Nbd2 Qb6 11. Qb3 Qxb3 12. axb3 cxd4 13. cxd4 Bb4 14. Nb1 Na5 15. Nfd2 Ke7 16. Nc3 Rac8 17. Rfc1 g5 18. Kf1 a6 19. Ke2 f5 20. exf6+ Kxf6 21. Kd1 Rhf8 22. f3 Nc6 23. Ne2 Bd6 24. Nf1 Nb4 25. Rxc8 Rxc8 26. Bb1 Bb5 27. Ne3 Nc6 28. Nc2 Bxh2 29. Nc3 Bd3 30. Ne3 Bxb1 31. Rxb1 h5 32. Ne2 Bd6 33. Rc1 Ne7 34. Nc3 Bf4 35. Ke2 Kg6 36. Rd1 Nf5 37. Nxf5 Kxf5 38. Rh1 h4 39. Kd3 Rc7 40. Ne2 Bd6 41. Nc3 b5 42. Ra1 Rc6 43. Re1 Bg3 44. Rh1 g4 45. Rf1 Bc7 46. fxg4+ Kxg4 47. Rf6 Bd8 48. Rg6+ Kf5 49. Rg8 Bg5 50. Ne2 Bc1 51. Rh8 Bxb2 52. Rxh4 a5 53. Rf4+ Kg5 54. Rf8 a4 55. bxa4 bxa4 56. Rb8 a3 57. Ra8 Rc7 58. Ra6 Kf5 59. Ng3+ Kf6 60. Ne2 Rg7 61. Nf4 Rg3+ 62. Kc2 Kf5 63. Nxe6 Rxg2+ 64. Kb3 Rg6 65. Nc7 Rxa6 66. Nxa6 Ke4 67. Kc2 Kxd4 68. Nb4 Kc4 69. Nd3 Bc3 70. Nc1 d4 71. Na2 d3+ 72. Kb1 Bb2 0-1

[Event "Toronto Hart House Reading Week op"]
[Site "Toronto"]
[Date "2011.02.19"]
[Round "1"]
[White "Gelis, Paul"]
[Black "Sambuev, Bator"]
[Result "0-1"]
[WhiteElo "2240"]
[BlackElo "2742"]
[PlyCount "68"]
[EventDate "2011.02.19"]
[EventType "swiss"]
[EventRounds "6"]
[EventCountry "CAN"]
[SourceTitle "EXT 2022"]
[Source "ChessBase"]
[SourceDate "2021.10.06"]
[SourceVersion "1"]
[SourceVersionDate "2021.10.06"]
[SourceQuality "1"]

1. d4 Nf6 2. Nf3 g6 3. c4 Bg7 4. Nc3 0-0 5. e4 d6 6. Be2 e5 7. d5 a5 8. Bg5 h6 9. Bh4 Na6 10. Nd2 Qe8 11. 0-0 Bd7 12. Kh1 Nh7 13. Rb1 h5 14. f3 Bf6 15. Bf2 Qe7 16. a3 Bg5 17. b4 axb4 18. axb4 Nf6 19. c5 h4 20. c6 bxc6 21. dxc6 Bxc6 22. Nc4 Nh5 23. Nd5 Bxd5 24. exd5 Bf4 25. b5 Nc5 26. Bxc5 dxc5 27. b6 cxb6 28. d6 Qg5 29. d7 Ra2 30. Rf2 Ng3+ 31. Kg1 Be3 32. Nxe3 Qxe3 33. hxg3 hxg3 34. d8Q Qh6 0-1

[Event "Toronto Labour Day op"]
[Site "Toronto"]
[Date "2010.09.12"]
[Round "1.1"]
[White "Sambuev, Bator"]
[Black "Gelis, Paul"]
[Result "1-0"]
[WhiteElo "2640"]
[BlackElo "2228"]
[PlyCount "97"]
[EventDate "2010.09.12"]
[EventType "swiss"]
[EventRounds "6"]
[EventCountry "CAN"]
[SourceTitle "EXT 2022"]
[Source "ChessBase"]
[SourceDate "2021.10.06"]
[SourceVersion "1"]
[SourceVersionDate "2021.10.06"]
[SourceQuality "1"]

1. d4 d5 2. c4 c6 3. Nc3 Nf6 4. Nf3 dxc4 5. a4 Bf5 6. Ne5 Nbd7 7. Nxc4 Nb6 8. Ne5 a5 9. f3 Nfd7 10. Nxd7 Qxd7 11. e4 Bg6 12. Be3 Nc8 13. d5 e6 14. dxc6 Qxd1+ 15. Nxd1 Bb4+ 16. Bd2 Bxd2+ 17. Kxd2 bxc6 18. Rc1 Ne7 19. Rc5 0-0 20. Bc4 Rfd8+ 21. Kc3 Rd6 22. Ne3 Rd7 23. Rd1 Rc7 24. Rd6 h5 25. h4 Rb7 26. g3 Kf8 27. Ng2 Rab8 28. b3 Nd5+ 29. exd5 exd5 30. Rdxc6 dxc4 31. Rc8+ Rxc8 32. Rxc8+ Ke7 33. Rxc4 f6 34. Ne3 Bf7 35. Nf5+ Kd7 36. Rd4+ Kc6 37. b4 axb4+ 38. Rxb4 Rxb4 39. Kxb4 g6 40. Ne3 g5 41. a5 gxh4 42. gxh4 Be6 43. a6 Kb6 44. a7 Kxa7 45. Kc5 Kb7 46. Nd5 Bf7 47. Kd6 Kc8 48. Nxf6 Kd8 49. f4 1-0

[Event "Canadian op"]
[Site "Toronto"]
[Date "2010.07.18"]
[Round "9"]
[White "Cheng, Bindi"]
[Black "Gelis, Paul"]
[Result "1-0"]
[WhiteElo "2354"]
[BlackElo "2000"]
[PlyCount "88"]
[EventDate "2010.07.10"]
[EventType "swiss"]
[EventRounds "9"]
[EventCountry "CAN"]
[SourceTitle "CBM 137 Extra"]
[Source "ChessBase"]
[SourceDate "2010.09.01"]
[SourceVersion "1"]
[SourceVersionDate "2010.09.01"]
[SourceQuality "1"]

1. d4 d5 2. c4 c6 3. cxd5 cxd5 4. Nc3 Nf6 5. Bf4 Nc6 6. Nf3 Bf5 7. e3 e6 8. Qb3 Bb4 9. Ne5 Qa5 10. Nxc6 bxc6 11. a3 Bxc3+ 12. bxc3 0-0 13. Qb4 Qb6 14. a4 Nd7 15. Bd6 Rfe8 16. a5 Qxb4 17. cxb4 a6 18. Rc1 Rec8 19. Be2 f6 20. Kd2 e5 21. Rc3 exd4 22. exd4 Nf8 23. Re3 Bd7 24. Re1 Rd8 25. Bd3 Ng6 26. g3 Kf7 27. Bc5 h5 28. f4 f5 29. h4 Bc8 30. Be2 Rh8 31. Bf3 Rb8 32. Bb6 Ra8 33. b5 axb5 34. Kc3 Bd7 35. Kb4 Nf8 36. Kc5 Rh6 37. Re7+ Kg8 38. Kb4 Ra6 39. R1e3 Ra8 40. Bc7 Re6 41. R3xe6 Bxe6 42. Be5 Bf7 43. Rc7 Ra6 44. Bxh5 g6 1-0

[Event "Canadian op"]
[Site "Toronto"]
[Date "2010.07.17"]
[Round "8"]
[White "Gelis, Paul"]
[Black "Friedel, Joshua E"]
[Result "1/2-1/2"]
[WhiteElo "2000"]
[BlackElo "2527"]
[PlyCount "61"]
[EventDate "2010.07.10"]
[EventType "swiss"]
[EventRounds "9"]
[EventCountry "CAN"]
[SourceTitle "CBM 137 Extra"]
[Source "ChessBase"]
[SourceDate "2010.09.01"]
[SourceVersion "1"]
[SourceVersionDate "2010.09.01"]
[SourceQuality "1"]

1. d4 Nf6 2. Nf3 e6 3. c4 b6 4. e3 Bb7 5. Bd3 d5 6. cxd5 exd5 7. Nc3 Nbd7 8. 0-0 Bd6 9. b3 0-0 10. Bb2 a6 11. Ne2 Ne4 12. Ne5 f6 13. Bxe4 dxe4 14. Nc4 f5 15. Nxd6 cxd6 16. Nf4 Qe7 17. d5 Ne5 18. Rc1 Rfc8 19. Qd4 Rc5 20. b4 Rxc1 21. Rxc1 b5 22. Ne6 Rc8 23. Qa7 Rxc1+ 24. Bxc1 Qd7 25. Bb2 Bxd5 26. Qb8+ Kf7 27. Bxe5 Kxe6 28. Bd4 Kf7 29. Qh8 Kg6 30. a3 Qe7 31. Qb8 1/2-1/2

[Event "CAN-ch U18"]
[Site "Windsor"]
[Date "2010.07.08"]
[Round "6"]
[White "Hansen, Eric"]
[Black "Gelis, Paul"]
[Result "1/2-1/2"]
[WhiteElo "2550"]
[BlackElo "2216"]
[PlyCount "48"]
[EventDate "2010.07.06"]
[EventType "swiss"]
[EventRounds "7"]
[EventCountry "CAN"]
[SourceTitle "EXT 2012"]
[Source "ChessBase"]
[SourceDate "2011.11.24"]
[SourceVersion "1"]
[SourceVersionDate "2011.11.24"]
[SourceQuality "1"]

1. e4 c5 2. Nf3 Nc6 3. d4 cxd4 4. Nxd4 Nf6 5. Nc3 e5 6. Ndb5 d6 7. Bg5 a6 8. Bxf6 gxf6 9. Na3 b5 10. Nd5 Bg7 11. c3 f5 12. exf5 Bxf5 13. Nc2 0-0 14. Nce3 Be6 15. g3 f5 16. Bh3 Kh8 17. 0-0 Ne7 18. a4 bxa4 19. Rxa4 a5 20. Bg2 e4 21. Nf4 Bg8 22. Nh5 Be5 23. f4 Qb6 24. Qd2 Nd5 1/2-1/2

[Event "CAN-ch U18"]
[Site "Windsor"]
[Date "2010.07.06"]
[Round "2"]
[White "Gelis, Paul"]
[Black "Hambleton, Aman"]
[Result "0-1"]
[WhiteElo "2216"]
[BlackElo "2315"]
[PlyCount "76"]
[EventDate "2010.07.06"]
[EventType "swiss"]
[EventRounds "7"]
[EventCountry "CAN"]
[SourceTitle "EXT 2012"]
[Source "ChessBase"]
[SourceDate "2011.11.24"]
[SourceVersion "1"]
[SourceVersionDate "2011.11.24"]
[SourceQuality "1"]

1. c4 c5 2. Nf3 e6 3. Nc3 a6 4. g3 b6 5. Bg2 Bb7 6. 0-0 Nf6 7. Re1 d6 8. e4 Nbd7 9. d4 cxd4 10. Nxd4 Qc7 11. Be3 Be7 12. Rc1 Nc5 13. f3 Rc8 14. Qd2 0-0 15. b4 Ncd7 16. Na4 Qb8 17. Nb3 Bc6 18. Nb2 Rfe8 19. a4 Ba8 20. Nd3 Red8 21. Qf2 Bf8 22. a5 bxa5 23. Nxa5 Ne5 24. Nxe5 dxe5 25. b5 axb5 26. Rb1 b4 27. c5 Bxe4 28. fxe4 Ng4 29. Qf3 Nxe3 30. Rxe3 Bxc5 31. Nb3 Bxe3+ 32. Qxe3 Rc3 33. Qf2 Rdc8 34. Rb2 Qa8 35. Ra2 Qc6 36. Qb2 Qc4 37. Nd2 Qd4+ 38. Kf1 b3 0-1

[Event "Ontario-ch op 64th"]
[Site "Toronto"]
[Date "2010.05.22"]
[Round "2"]
[White "Sapozhnikov, Roman"]
[Black "Gelis, Paul"]
[Result "1/2-1/2"]
[WhiteElo "2252"]
[BlackElo "1967"]
[PlyCount "44"]
[EventDate "2010.05.22"]
[EventType "swiss"]
[EventRounds "6"]
[EventCountry "CAN"]
[SourceTitle "CBM 136 Extra"]
[Source "ChessBase"]
[SourceDate "2010.07.02"]
[SourceVersion "2"]
[SourceVersionDate "2010.07.15"]
[SourceQuality "1"]

1. e4 c5 2. Nf3 Nc6 3. Bb5 g6 4. 0-0 Bg7 5. c3 Nf6 6. Qe2 0-0 7. Rd1 d5 8. e5 Ne8 9. h3 Nc7 10. Bxc6 bxc6 11. d3 Ne6 12. Ng5 Qc7 13. Nxe6 Bxe6 14. Re1 a5 15. a4 Rab8 16. Qe3 Rfd8 17. Nd2 d4 18. cxd4 cxd4 19. Qg3 c5 20. Nf3 h6 21. Qh4 g5 22. Qe4 Bd5 1/2-1/2

[Event "CAN-ch U18"]
[Site "Toronto"]
[Date "2010.05.04"]
[Round "8"]
[White "Gelis, Paul"]
[Black "Thavandiran, Shiyam"]
[Result "1/2-1/2"]
[WhiteElo "1967"]
[BlackElo "2323"]
[PlyCount "68"]
[EventDate "2010.04.30"]
[EventType "swiss"]
[EventRounds "9"]
[EventCountry "CAN"]
[SourceTitle "CBM 136 Extra"]
[Source "ChessBase"]
[SourceDate "2010.07.02"]
[SourceVersion "2"]
[SourceVersionDate "2010.07.15"]
[SourceQuality "1"]

1. d4 Nf6 2. Nf3 e6 3. c4 b6 4. e3 Bb7 5. Bd3 c5 6. Nc3 a6 7. 0-0 Be7 8. b3 0-0 9. d5 d6 10. e4 e5 11. a4 Nbd7 12. Ne1 g6 13. Bh6 Re8 14. Be2 Kh8 15. Nd3 Ng8 16. Bd2 Bf6 17. a5 bxa5 18. Nb1 Bg7 19. Bxa5 Qe7 20. Nd2 f5 21. b4 cxb4 22. Bxb4 Ngf6 23. f3 Bh6 24. Nf2 Be3 25. Qb3 f4 26. Qa3 Nc5 27. Nb3 Nh5 28. Bxc5 dxc5 29. Ra2 Rac8 30. Rd1 Red8 31. Qa5 Rb8 32. Qc3 Kg8 33. Na1 Bd4 34. Qe1 Nf6 1/2-1/2

[Event "CAN-ch U18"]
[Site "Toronto"]
[Date "2010.05.04"]
[Round "9"]
[White "Itkin, David"]
[Black "Gelis, Paul"]
[Result "1-0"]
[WhiteElo "1768"]
[BlackElo "1967"]
[PlyCount "77"]
[EventDate "2010.04.30"]
[EventType "swiss"]
[EventRounds "9"]
[EventCountry "CAN"]
[SourceTitle "CBM 136 Extra"]
[Source "ChessBase"]
[SourceDate "2010.07.02"]
[SourceVersion "2"]
[SourceVersionDate "2010.07.15"]
[SourceQuality "1"]

1. e4 c6 2. d4 d5 3. Nd2 dxe4 4. Nxe4 Nd7 5. Nf3 Ngf6 6. Nxf6+ Nxf6 7. Ne5 Bf5 8. c3 h6 9. Qb3 Qb6 10. Qxf7+ Kd8 11. Qc4 Kc8 12. Bd3 Bd7 13. 0-0 e6 14. b4 Qc7 15. Bf4 Bd6 16. h3 g5 17. Nf7 gxf4 18. Nxh8 f3 19. g4 b5 20. Qb3 Bh2+ 21. Kh1 Nxg4 22. Ng6 Bg1 23. Ne5 Nxe5 24. dxe5 Bh2 25. Qd1 Qxe5 26. Qxf3 Kc7 27. Rfe1 Qd6 28. Rad1 Rf8 29. Qg2 Bf4 30. Bxb5 Qe7 31. Bc4 e5 32. b5 cxb5 33. Bd5 Qh4 34. Rd3 Bf5 35. Qg7+ Bd7 36. Be6 Qxf2 37. Qxd7+ Kb6 38. Rd6+ Ka5 39. Qc7+ 1-0

[Event "CAN-ch U18"]
[Site "Toronto"]
[Date "2010.05.02"]
[Round "4"]
[White "Gelis, Paul"]
[Black "Cheng, Bindi"]
[Result "0-1"]
[WhiteElo "1967"]
[BlackElo "2369"]
[PlyCount "80"]
[EventDate "2010.04.30"]
[EventType "swiss"]
[EventRounds "9"]
[EventCountry "CAN"]
[SourceTitle "CBM 136 Extra"]
[Source "ChessBase"]
[SourceDate "2010.07.02"]
[SourceVersion "2"]
[SourceVersionDate "2010.07.15"]
[SourceQuality "1"]

1. d4 d5 2. Nf3 c6 3. c4 Nf6 4. Nc3 a6 5. c5 Nbd7 6. e3 Qc7 7. Be2 e5 8. b4 g6 9. Bb2 e4 10. Nd2 Bg7 11. a4 0-0 12. b5 axb5 13. axb5 Rxa1 14. Qxa1 h5 15. Nb3 Ng4 16. Qa5 Qb8 17. h3 Nxe3 18. fxe3 Qg3+ 19. Kd2 f5 20. Rf1 g5 21. Nd1 f4 22. Kc1 Qxg2 23. Rf2 Qxh3 24. bxc6 bxc6 25. Qc7 f3 26. Bf1 Qe6 27. Na5 g4 28. Rh2 Nf6 29. Nxc6 g3 30. Bh3 Ng4 31. Ne7+ Qxe7 32. Qxe7 gxh2 33. Bxg4 hxg4 34. Nf2 g3 35. Qd6 gxf2 36. Qxd5+ Kh7 37. Qxe4+ Bf5 38. Qxf3 Bg6 39. Qh3+ Bh6 40. Qf1 Be4 0-1

[Event "CAN-ch U18"]
[Site "Toronto"]
[Date "2010.04.30"]
[Round "1"]
[White "Sapozhnikov, Roman"]
[Black "Gelis, Paul"]
[Result "1/2-1/2"]
[WhiteElo "2207"]
[BlackElo "1967"]
[PlyCount "104"]
[EventDate "2010.04.30"]
[EventType "swiss"]
[EventRounds "9"]
[EventCountry "CAN"]
[SourceTitle "CBM 136 Extra"]
[Source "ChessBase"]
[SourceDate "2010.07.02"]
[SourceVersion "2"]
[SourceVersionDate "2010.07.15"]
[SourceQuality "1"]

1. e4 c6 2. d4 d5 3. e5 Bf5 4. Nf3 e6 5. Be2 c5 6. Be3 Nd7 7. 0-0 Rc8 8. Nbd2 Bxc2 9. Qe1 c4 10. Rc1 Bg6 11. Qd1 Ne7 12. Nh4 Nf5 13. Nxf5 exf5 14. Qa4 Be7 15. Qb5 0-0 16. Qxd5 Nb6 17. Qxb7 f4 18. Bxf4 Rc7 19. Qf3 Qxd4 20. Be3 Qxb2 21. Nxc4 Qxa2 22. Nxb6 Rxc1 23. Rxc1 axb6 24. Bxb6 Qb2 25. Qe3 Bg5 26. Qxg5 Qxe2 27. f3 h6 28. Qe3 Qxe3+ 29. Bxe3 Rb8 30. h4 Rb1 31. Rxb1 Bxb1 32. g4 Kh7 33. Kf2 g6 34. h5 gxh5 35. gxh5 Bc2 36. Kg3 Bd1 37. Bd4 Be2 38. Kf2 Bd1 39. Ke3 Bc2 40. Bb2 Bd1 41. Kf2 Bc2 42. Kg3 Bd1 43. Bc3 Be2 44. Kf4 Bd1 45. Ke4 Bc2+ 46. Kf4 Bd1 47. Kg3 Be2 48. f4 Bxh5 49. f5 Bd1 50. Kf4 Bb3 51. Be1 Ba2 52. Bh4 Bb3 1/2-1/2